000 00861cam a22002774a 4500
001 11769676
005 20250223115554.0
008 990810s2000 moua||| b||| 001|0|eng c
020 _a0323002536 (alk. paper)
050 0 0 _aRJ131
_b.D59 2000
082 0 0 _a305.231
_221
100 1 _aDixon, Suzanne D.
245 1 0 _aEncounters with children :
_bpediatric behavior and development /
_cSuzanne D. Dixon, Martin T. Stein.
250 _a3rd ed.
260 _aSt. Louis :
_bMosby,
_cc2000.
300 _axx, 666 p. :
_bill. ;
_c23 cm.
650 0 _aChild development.
650 0 _aChild development
_xTesting.
650 0 _aBehavioral assessment of children.
650 1 2 _aChild Development.
650 2 2 _aAdolescent Behavior.
650 2 2 _aChild Behavior.
650 2 2 _aGrowth
_xAdolescence.
700 1 _aStein, Martin T.
942 _2lcc
_cBK
_e3rd ed.
_n0
999 _c4180
_d4180